Autenticita ako potenciál nášho života

Človek je bytosť cítiaca, takže aj na pracovisku prežíva emócie. Z tých negatívnych spomíname strach, v dôsledku ktorého nám vzniká v tele tlak, stres a napätie. Jeho následkom sú konflikty s okolím, ktoré začínajú v ľudskom vnútri. Reakcia odporu a nesúhlasu na to, čo sa nám deje sa nazýva intraper...

Descripción completa

Guardado en:
Detalles Bibliográficos
Autor principal: Vypušťáková, Zora
Formato: Capítulo de libro
Lenguaje:eslovaco
Materias:
Etiquetas: Agregar Etiqueta
Sin Etiquetas, Sea el primero en etiquetar este registro!

MARC

LEADER 00000naa a2200000 4500
001 0286567
005 20240417075209.1
041 0 |a slo 
044 |a SK 
245 1 0 |a Autenticita ako potenciál nášho života  |c Zora Vypušťáková 
520 |a Človek je bytosť cítiaca, takže aj na pracovisku prežíva emócie. Z tých negatívnych spomíname strach, v dôsledku ktorého nám vzniká v tele tlak, stres a napätie. Jeho následkom sú konflikty s okolím, ktoré začínajú v ľudskom vnútri. Reakcia odporu a nesúhlasu na to, čo sa nám deje sa nazýva intrapersonálny konflikt. 
610 2 0 |a potenciál ľudský 
610 2 0 |a stresy 
610 2 0 |a zodpovednosť 
610 2 0 |a psychológia 
100 1 |a Vypušťáková, Zora